Estatísticas para Estados Sequenciais Aleatórios em um Mapa do Brasil

Clique aqui para jogar o quiz

Estatísticas Gerais

  • Esse quiz foi jogado 13 819 vezes
    (10 956 desde o último reset)
  • A pontuação média é 22 de 27

Respostas no mapa

Respostas codificadas por cores de uma escala verde-vermelha no mapa do quiz de acordo com a % correta abaixo.
 

Estatísticas das Respostas

Estado% Correto
Acre
83%
Amazonas
83%
Mato Grosso
83%
Minas Gerais
83%
Rio de Janeiro
83%
São Paulo
83%
Bahia
82%
Distrito Federal
82%
Espírito Santo
82%
Goiás
82%
Paraná
82%
Rio Grande do Sul
82%
Santa Catarina
82%
Amapá
81%
Mato Grosso do Sul
81%
Pará
81%
Roraima
81%
Tocantins
81%
Pernambuco
80%
Rondônia
80%
Sergipe
80%
Alagoas
79%
Ceará
79%
Maranhão
79%
Rio Grande do Norte
79%
Piauí
78%
Paraíba
77%

Distribuição das Pontuações

Percentil de Números Respondidos

Porcentagem de Pessoas com Cada Pontuação

Sua Pontuação Histórica

Você não jogou esse quiz desde o último reset